000 02019nam0a22003851 4500
001 RU\NLR\bibl\1186425
005 20260405152916.0
010 _a978-5-17-045827-1
_bАСТ
010 _a978-5-271-17872-6
_bАстрель
_93000
021 _aRU
_b2007-88885
_94802
035 _a(NLR Aleph) 001173000
090 _a1609331
_c1609331
100 _a20080208d2007 |||y0rusy50 ca
101 0 _arus
102 _aRU
105 _ay |||||||||
200 1 _aДревний Восток
_eучебное пособие для вузов
_fН.В. Александрова, И.А. Ладынин, А.А. Немировский, В.М. Яковлев
_gрук. проекта - акад. РАН А.О. Чубарьян
_gРос. акад. наук [и др.]
210 _aМосква
_cАСТ
_cАстрель
_d2007
215 _a654, [1] с.
_cил.
_d22
300 _aВ надзаг. также: Гос. ун-т гуманитар. наук, Науч.-образоват. центр по истории
320 _aБиблиогр. в конце кн.
607 _aДревний Восток
_jУчебные издания для высших учебных заведений
_xИстория
_9911189
_3RU\NLR\auth\6613083
686 _aТ3(0)31я73
701 1 _4070
_8rus
_7ca
_aАлександрова
_bН. В.
_f1957-
_cисторик
_gНаталия Владимировна
_3RU\NLR\auth\7763942
_946871
701 1 _4070
_8rus
_7ca
_aЛадынин
_bИ. А.
_gИван Андреевич
_3RU\NLR\auth\7763962
_946891
701 1 _4070
_8rus
_7ca
_aНемировский
_bА. А.
_f1968-
_gАлександр Аркадьевич
_3RU\NLR\auth\7763967
_946896
701 1 _4070
_8rus
_7ca
_aЯковлев
_bВ. М.
_cисторик
_gВиктор Михайлович
_3RU\NLR\auth\7763945
_946874
801 0 _aRU
_bNLR
_c20080208
_gRCR
801 1 _aRU
_bNLR
_c20080208
852 _aNLR
_bОЛСАА-сл-спр
_j3-4749
942 _cBOOK
980 _aNB
980 1 _aSL_SPR